[Event "Junior Online 4NCL Division 3"]
[Site "online"]
[Date "2021.10.14"]
[EventDate "2021.10.14"]
[Round "5.108"]
[White "Nilim, Armaan"]
[WhiteElo "1327"]
[WhiteTeam "JHJ Shark Tank 6"]
[Black "Agasee, Emilio"]
[BlackElo "1191"]
[BlackTeam "Coldfall Bishops"]
[Result "1-0"]
[PlyCount "49"]

1. d4 e5 2. dxe5 Nc6 3. Nf3 Qe7 4. Bf4 Qb4+ 5. Bd2 Qxb2 6. Nc3 Bb4 7. Rb1 Qa3 8. Rb3 Qa5 9. a3 Bxa3 10. Nb5 Qb6 11. Nxa3 Qa6 12. e3 Qa4 13. Bb5 Qe4 14. Bxc6 Qxc6 15. O-O Qg6 16. Nc4 d6 17. exd6 cxd6 18. Kh1 Be6 19. Nxd6+ Ke7 20. Rxb7+ Bd7 21. Ne5 Qxd6 22. Rxd7+ Qxd7 23. Nxd7 Kxd7 24. Bc3+ Ke8 25. Bxg7 1-0

[Event "Junior Online 4NCL Division 3"]
[Site "online"]
[Date "2021.10.14"]
[EventDate "2021.10.14"]
[Round "5.111"]
[White "Zhou, Richard"]
[WhiteElo "1300"]
[WhiteTeam "Edgware Gambits D"]
[Black "Gururaj, Rithwik"]
[BlackElo "1601"]
[BlackTeam "Leeds Juniors 1"]
[Result "0-1"]
[PlyCount "52"]

1. d4 Nf6 2. c4 g6 3. Nc3 d6 4. g3 Bg7 5. Bg2 Nc6 6. e3 O-O 7. Nge2 e5 8. d5 Ne7 9. b3 c6 10. e4 a6 11. Bb2 Nh5 12. O-O f5 13. Re1 fxe4 14. Nxe4 cxd5 15. cxd5 Nf6 16. Nxd6 Qxd6 17. Nc3 Bg4 18. Qd2 Rad8 19. h3 Bc8 20. Rad1 Nd7 21. Ne4 Qb6 22. d6 Nf5 23. Qd5+ Kh8 24. Ng5 Nxg3 25. Kh2 Qxf2 26. Bxe5 Nxe5 0-1

[Event "Junior Online 4NCL Division 3"]
[Site "online"]
[Date "2021.10.14"]
[EventDate "2021.10.14"]
[Round "5.112"]
[White "Khan, Leo"]
[WhiteElo "1623"]
[WhiteTeam "Leeds Juniors 1"]
[Black "Jowell, Leo"]
[BlackElo "1291"]
[BlackTeam "Edgware Gambits D"]
[Result "1-0"]
[PlyCount "49"]

1. e4 c5 2. Nc3 g6 3. f4 Bg7 4. Nf3 Nc6 5. Bb5 Nf6 6. Bxc6 dxc6 7. d3 O-O 8. O-O Bg4 9. h3 Bxf3 10. Qxf3 Qd4+ 11. Be3 Qd6 12. e5 Qe6 13. exf6 Bxf6 14. Bxc5 b6 15. Be3 Rad8 16. Rae1 Bh4 17. Re2 Qf5 18. Qxc6 Rd6 19. Qe4 Qh5 20. Kh1 Bf6 21. Bd2 Bxc3 22. Bxc3 Re6 23. Qd4 Rf6 24. Rxe7 Qb5 25. Qxf6 1-0

[Event "Junior Online 4NCL Division 3"]
[Site "online"]
[Date "2021.10.14"]
[EventDate "2021.10.14"]
[Round "5.113"]
[White "Dalah, Jacob"]
[WhiteElo "1125"]
[WhiteTeam "Edgware Gambits D"]
[Black "Ganti, Shriaansh"]
[BlackElo "1662"]
[BlackTeam "Leeds Juniors 1"]
[Result "1-0"]
[PlyCount "101"]

1. e4 e5 2. Nf3 Nc6 3. d4 exd4 4. Nxd4 Bc5 5. Be3 Qf6 6. c3 Nge7 7. Bc4 O-O 8. O-O Ne5 9. Bb3 d6 10. Na3 Bg4 11. f3 Bxd4 12. cxd4 Nxf3+ 13. gxf3 Bh3 14. f4 Bxf1 15. Qxf1 Qg6+ 16. Qg2 Qxg2+ 17. Kxg2 Kh8 18. f5 c6 19. Rg1 d5 20. exd5 cxd5 21. f6 gxf6 22. Kf2 Rg8 23. Rh1 Nf5 24. Bd2 Nxd4 25. Bc3 Nxb3 26. Bxf6+ Rg7 27. Bxg7+ Kxg7 28. axb3 Rc8 29. Rd1 Rd8 30. Nb5 a6 31. Nc3 d4 32. Ne2 d3 33. Nf4 d2 34. Nh5+ Kg6 35. Ng3 Rd6 36. Ne4 Rb6 37. Nxd2 f5 38. Rc1 Rd6 39. Nc4 Rc6 40. Ne5+ Kf6 41. Nxc6 bxc6 42. Rxc6+ Ke5 43. Rxa6 Ke4 44. Rc6 f4 45. b4 f3 46. b5 Kd3 47. b6 Kd2 48. b7 h5 49. b8=Q h4 50. Qf4+ Kd1 51. Rc1# 1-0

[Event "Junior Online 4NCL Division 3"]
[Site "online"]
[Date "2021.10.14"]
[EventDate "2021.10.14"]
[Round "5.114"]
[White "Rowe, Angelica"]
[WhiteElo "1449"]
[WhiteTeam "Leeds Juniors 1"]
[Black "Srinivasan, Gowri"]
[BlackElo "1205"]
[BlackTeam "Edgware Gambits D"]
[Result "1-0"]
[PlyCount "39"]

1. e4 e5 2. Bc4 Nf6 3. d4 d6 4. Nc3 Be7 5. Nge2 O-O 6. O-O c6 7. f4 exd4 8. Nxd4 d5 9. exd5 cxd5 10. Bd3 Bc5 11. Be2 Qb6 12. Be3 Re8 13. Na4 Qc7 14. Nxc5 Qxc5 15. Rf3 Nc6 16. c3 Ng4 17. Nxc6 Nxe3 18. Qd4 Qxd4 19. Nxd4 Ng4 20. Rg3 1-0

[Event "Junior Online 4NCL Division 3"]
[Site "online"]
[Date "2021.10.14"]
[EventDate "2021.10.14"]
[Round "5.115"]
[White "Gururaj, Rithwik"]
[WhiteElo "1601"]
[WhiteTeam "Leeds Juniors 1"]
[Black "Zhou, Richard"]
[BlackElo "1300"]
[BlackTeam "Edgware Gambits D"]
[Result "1-0"]
[PlyCount "27"]

1. d4 Nf6 2. c4 e6 3. Nc3 Bb4 4. Nf3 d5 5. Bg5 h6 6. Bh4 Nbd7 7. e3 b6 8. cxd5 exd5 9. Bd3 Bb7 10. O-O O-O 11. Rc1 c5 12. Bb1 c4 13. Qc2 Qe7 14. Ne5 1-0

[Event "Junior Online 4NCL Division 3"]
[Site "online"]
[Date "2021.10.14"]
[EventDate "2021.10.14"]
[Round "5.116"]
[White "Jowell, Leo"]
[WhiteElo "1291"]
[WhiteTeam "Edgware Gambits D"]
[Black "Khan, Leo"]
[BlackElo "1623"]
[BlackTeam "Leeds Juniors 1"]
[Result "0-1"]
[PlyCount "74"]

1. d4 d5 2. c4 e5 3. cxd5 Qxd5 4. Nf3 Bb4+ 5. Bd2 Bxd2+ 6. Qxd2 exd4 7. Nc3 Qd8 8. Nxd4 Nd7 9. Rd1 Ngf6 10. e3 O-O 11. Bb5 a6 12. Bc4 Ne5 13. O-O Nxc4 14. Qc2 Nd6 15. e4 Ng4 16. h3 Ne5 17. f4 Nc6 18. e5 Nxd4 19. Rxd4 Bf5 20. Qe2 Re8 21. Qd2 Qe7 22. exd6 cxd6 23. Rxd6 Rad8 24. Rd1 Rxd6 25. Qxd6 Qe3+ 26. Kh2 h6 27. Nd5 Qe2 28. Nc3 Qf2 29. Rd2 Qe3 30. Re2 Re6 31. Qb8+ Kh7 32. Rxe3 Rxe3 33. Nd5 Re2 34. Qf8 Be4 35. Kg3 Rxg2+ 36. Kh4 g5+ 37. Kh5 Bg6# 0-1

[Event "Junior Online 4NCL Division 3"]
[Site "online"]
[Date "2021.10.14"]
[EventDate "2021.10.14"]
[Round "5.117"]
[White "Ganti, Shriaansh"]
[WhiteElo "1662"]
[WhiteTeam "Leeds Juniors 1"]
[Black "Dalah, Jacob"]
[BlackElo "1125"]
[BlackTeam "Edgware Gambits D"]
[Result "0-1"]
[PlyCount "66"]

1. e4 e5 2. Nf3 Nc6 3. Bc4 Be7 4. Nc3 Nf6 5. d3 O-O 6. Bg5 d6 7. O-O Bg4 8. h3 Bh5 9. Re1 Nd4 10. Nd5 Nxd5 11. Bxe7 Nxe7 12. g4 Nxf3+ 13. Qxf3 Bg6 14. h4 h6 15. h5 Bh7 16. Kh2 c6 17. Rg1 a5 18. g5 g6 19. hxg6 Nxg6 20. gxh6 b5 21. Rxg6+ Bxg6 22. Qh3 bxc4 23. Rg1 Kh7 24. Rg5 Qc8 25. Qh4 Qd8 26. Qg4 Rg8 27. Kh3 Bf5 28. Rg7+ Kh8 29. Rxg8+ Qxg8 30. Qxf5 Qc8 31. Qxc8+ Rxc8 32. f3 cxd3 33. Kh4 dxc2 0-1

[Event "Junior Online 4NCL Division 3"]
[Site "online"]
[Date "2021.10.14"]
[EventDate "2021.10.14"]
[Round "5.118"]
[White "Srinivasan, Gowri"]
[WhiteElo "1205"]
[WhiteTeam "Edgware Gambits D"]
[Black "Rowe, Angelica"]
[BlackElo "1449"]
[BlackTeam "Leeds Juniors 1"]
[Result "0-1"]
[PlyCount "30"]

1. d4 d5 2. Nc3 c6 3. Nf3 Bf5 4. Bf4 e6 5. e3 Bd6 6. Bg3 Ne7 7. Be2 O-O 8. Qd2 c5 9. dxc5 Bxc5 10. O-O-O Nbc6 11. h4 Bb4 12. a3 Bxc3 13. Qxc3 Rc8 14. h5 Na5 15. Qd4 Nb3+ 0-1

[Event "Junior Online 4NCL Division 3"]
[Site "online"]
[Date "2021.10.14"]
[EventDate "2021.10.14"]
[Round "5.121"]
[White "Bedretdinov, Rasul"]
[WhiteElo "1155"]
[WhiteTeam "Tetherdown Bishops"]
[Black "Ryan, Tabitha"]
[BlackElo "1435"]
[BlackTeam "Young Dragons B"]
[Result "0-1"]
[PlyCount "94"]

1. e4 d6 2. d4 Nf6 3. Nc3 g6 4. Be3 Bg7 5. Nf3 Nc6 6. Be2 Bd7 7. O-O O-O 8. h3 e5 9. dxe5 Nxe5 10. Nxe5 dxe5 11. Qd2 a6 12. Nd5 Nxe4 13. Qb4 Nd6 14. Qa5 Rc8 15. Bd2 Bc6 16. Ne3 Ne4 17. Bb4 Re8 18. Rad1 Qf6 19. Ng4 Qh4 20. Qa3 h5 21. Nh2 Rcd8 22. Rxd8 Rxd8 23. Be7 Bf6 24. Bxd8 Bxd8 25. Nf3 Qf4 26. Qd3 Bh4 27. g3 Bxg3 28. Qd8+ Kg7 29. Kg2 g5 30. Qe7 Bh4 31. Qd8 g4 32. Qd2 gxf3+ 33. Bxf3 Nxd2 34. Bxc6 Qg5+ 35. Kh1 bxc6 36. Rg1 Kf6 37. Rxg5 Kxg5 38. Kg2 Kf4 39. Kh2 Nf1+ 40. Kg2 Nd2 41. Kg1 Kf3 42. Kh2 Kxf2 43. Kh1 e4 44. Kh2 e3 45. Kh1 e2 46. Kh2 e1=Q 47. c4 Qg1# 0-1

[Event "Junior Online 4NCL Division 3"]
[Site "online"]
[Date "2021.10.14"]
[EventDate "2021.10.14"]
[Round "5.122"]
[White "Anandkumar, Govind"]
[WhiteElo "1217"]
[WhiteTeam "Young Dragons B"]
[Black "Kirk, Alex"]
[BlackElo "1111"]
[BlackTeam "Tetherdown Bishops"]
[Result "1-0"]
[PlyCount "71"]

1. e4 e5 2. Nf3 Nc6 3. Bc4 Bc5 4. c3 Nf6 5. d4 exd4 6. cxd4 Bb4+ 7. Bd2 Bxd2+ 8. Nbxd2 O-O 9. O-O Re8 10. Qb3 h6 11. Bxf7+ Kf8 12. Bxe8 Qxe8 13. e5 Ng4 14. h3 Qh5 15. hxg4 Qxg4 16. d5 Ne7 17. d6 Nf5 18. dxc7 d6 19. exd6 Nxd6 20. Qa3 Qg6 21. Ne5 Qf6 22. Ndf3 Kg8 23. Rad1 Ne4 24. Rd8+ Kh7 25. Qd3 Bf5 26. Rxa8 Nd6 27. Qc3 Qg6 28. Nxg6 Kxg6 29. c8=Q Nxc8 30. Rxc8 Bxc8 31. Qxc8 Kh7 32. Ne5 h5 33. Qe6 Kh8 34. Rc1 Kh7 35. Qg6+ Kg8 36. Rc8# 1-0

[Event "Junior Online 4NCL Division 3"]
[Site "online"]
[Date "2021.10.14"]
[EventDate "2021.10.14"]
[Round "5.123"]
[White "Murphy, Sam"]
[WhiteElo "1105"]
[WhiteTeam "Tetherdown Bishops"]
[Black "Rajdev, Vamika"]
[BlackElo "1150"]
[BlackTeam "Young Dragons B"]
[Result "1-0"]
[PlyCount "49"]

1. d4 e6 2. e4 Ne7 3. Nc3 Nbc6 4. Nf3 Ng6 5. Bd3 d5 6. e5 Bb4 7. Bd2 Bxc3 8. Bxc3 Nf4 9. O-O O-O 10. Qd2 Ng6 11. Rfe1 f6 12. exf6 Qxf6 13. Qe3 Re8 14. Re2 Nf4 15. Ree1 Nxd3 16. Qxd3 h6 17. Re2 Bd7 18. b3 b6 19. a4 a5 20. Ra3 Nb4 21. Bxb4 axb4 22. Ra1 e5 23. dxe5 Qf4 24. Qxd5+ Be6 25. Qe4 1-0

[Event "Junior Online 4NCL Division 3"]
[Site "online"]
[Date "2021.10.14"]
[EventDate "2021.10.14"]
[Round "5.124"]
[White "Swartz, Edward RG"]
[WhiteElo "1013"]
[WhiteTeam "Young Dragons B"]
[Black "Thorburn, Rory"]
[BlackElo "1128"]
[BlackTeam "Tetherdown Bishops"]
[Result "1-0"]
[PlyCount "141"]

1. e4 e5 2. Nf3 Nc6 3. Bc4 d6 4. Nc3 Bg4 5. h3 Bh5 6. Nxe5 Nxe5 7. Qxh5 Nxc4 8. Qb5+ c6 9. Qxc4 Nf6 10. d3 d5 11. exd5 cxd5 12. Qb5+ Qd7 13. O-O d4 14. Qxd7+ Nxd7 15. Ne4 O-O-O 16. b3 Bb4 17. Bb2 Bc3 18. Nxc3 dxc3 19. Bxc3 Nf6 20. Bxf6 gxf6 21. Rfe1 Rhg8 22. Re7 Rg7 23. Rae1 a6 24. Re8 Kd7 25. Rxd8+ Kxd8 26. Re4 Rg8 27. Rb4 Kc8 28. f3 Re8 29. Kf2 Kc7 30. Rg4 Re7 31. Rg7 h5 32. Rh7 Kd6 33. Rxh5 b5 34. Rh4 Rc7 35. c4 bxc4 36. dxc4 Ke7 37. Re4+ Kf8 38. g4 Rd7 39. Ke3 Kg7 40. Rd4 Re7+ 41. Kf2 Re8 42. Rd7 Kg6 43. Rd6 Kg7 44. Rxa6 Rd8 45. Kg3 Rd4 46. c5 Rd8 47. b4 Rb8 48. a3 Kf8 49. Rxf6 Ke8 50. Rh6 Ke7 51. Ra6 f6 52. Ra5 Ke6 53. b5 Rc8 54. c6 Kd6 55. a4 f5 56. Ra6 Ke5 57. gxf5 Kxf5 58. a5 Rg8+ 59. Kf2 Kf4 60. c7 Rg3 61. c8=Q Rxf3+ 62. Ke2 Re3+ 63. Kd2 Kf3 64. Rf6+ Ke4 65. Re6+ Kd5 66. Rxe3 Kd4 67. Qd7+ Kc4 68. b6 Kc5 69. b7 Kc4 70. b8=Q Kc5 71. Rc3# 1-0

[Event "Junior Online 4NCL Division 3"]
[Site "online"]
[Date "2021.10.14"]
[EventDate "2021.10.14"]
[Round "5.125"]
[White "Ryan, Tabitha"]
[WhiteElo "1435"]
[WhiteTeam "Young Dragons B"]
[Black "Bedretdinov, Rasul"]
[BlackElo "1155"]
[BlackTeam "Tetherdown Bishops"]
[Result "0-1"]
[PlyCount "70"]

1. d4 d5 2. Nf3 e6 3. Bf4 Nf6 4. e3 Be7 5. Nbd2 O-O 6. c4 dxc4 7. Bxc4 a6 8. O-O b5 9. Bb3 Bb7 10. Re1 Nbd7 11. e4 h6 12. Bc2 c5 13. Nb3 cxd4 14. Nfxd4 e5 15. Bxh6 exd4 16. Bf4 Nh7 17. e5 Qb6 18. Qh5 g6 19. Qh3 Rad8 20. Bh6 Rfe8 21. e6 Ndf6 22. exf7+ Kxf7 23. Qg3 Nh5 24. Qd3 Qc6 25. f3 Bg5 26. Nxd4 Rxe1+ 27. Rxe1 Qf6 28. Bb3+ Bd5 29. Bxg5 Nxg5 30. Qe3 Bxb3 31. Nxb3 Ne6 32. g4 Nhf4 33. Qa7+ Kf8 34. Qxa6 Qxb2 35. Rxe6 Qg2# 0-1

[Event "Junior Online 4NCL Division 3"]
[Site "online"]
[Date "2021.10.14"]
[EventDate "2021.10.14"]
[Round "5.126"]
[White "Kirk, Alex"]
[WhiteElo "1111"]
[WhiteTeam "Tetherdown Bishops"]
[Black "Anandkumar, Govind"]
[BlackElo "1217"]
[BlackTeam "Young Dragons B"]
[Result "0-1"]
[PlyCount "62"]

1. e4 e6 2. d4 d5 3. exd5 exd5 4. Qe2+ Be7 5. Nf3 Nf6 6. Bg5 O-O 7. Ne5 Nbd7 8. Nxd7 Bxd7 9. Nc3 Re8 10. O-O-O c6 11. Qf3 Bg4 12. Qg3 Bxd1 13. Nxd1 Ne4 14. Qh3 Bxg5+ 15. Kb1 Qb6 16. Bd3 Qxd4 17. f3 Nf6 18. f4 Bxf4 19. Qh4 a5 20. g4 h6 21. g5 hxg5 22. Qh3 Ne4 23. c3 Qe5 24. Re1 Nd2+ 25. Kc2 Qxe1 26. Qh7+ Kf8 27. Qh8+ Ke7 28. Qxg7 Nc4 29. Bg6 Qd2+ 30. Kb3 a4+ 31. Kb4 Bd6# 0-1

[Event "Junior Online 4NCL Division 3"]
[Site "online"]
[Date "2021.10.14"]
[EventDate "2021.10.14"]
[Round "5.127"]
[White "Rajdev, Vamika"]
[WhiteElo "1150"]
[WhiteTeam "Young Dragons B"]
[Black "Murphy, Sam"]
[BlackElo "1105"]
[BlackTeam "Tetherdown Bishops"]
[Result "0-1"]
[PlyCount "58"]

1. d4 d5 2. c4 e6 3. Nc3 Nf6 4. e3 Nc6 5. Nf3 Bb4 6. Bd2 O-O 7. Bd3 Bd7 8. O-O Qe7 9. h3 Rfe8 10. Nb5 Rac8 11. c5 Bxd2 12. Qxd2 a6 13. Nc3 Rcd8 14. Ne5 Rb8 15. Nxd7 Qxd7 16. Qd1 e5 17. Qf3 e4 18. Nxe4 dxe4 19. Bxe4 Nxe4 20. Rad1 Rbd8 21. d5 Nb4 22. Rd4 Nxc5 23. Rxb4 b6 24. Rh4 Qxd5 25. Qg4 Qxa2 26. Qh5 h6 27. Rf4 Qd5 28. Qxf7+ Qxf7 29. Rxf7 Kxf7 0-1

[Event "Junior Online 4NCL Division 3"]
[Site "online"]
[Date "2021.10.14"]
[EventDate "2021.10.14"]
[Round "5.128"]
[White "Thorburn, Rory"]
[WhiteElo "1128"]
[WhiteTeam "Tetherdown Bishops"]
[Black "Swartz, Edward RG"]
[BlackElo "1013"]
[BlackTeam "Young Dragons B"]
[Result "0-1"]
[PlyCount "70"]

1. e4 e5 2. Nf3 Nc6 3. Nc3 Nf6 4. Bc4 Be7 5. O-O O-O 6. Nh4 Nxe4 7. Nxe4 Bxh4 8. Bd3 d5 9. g3 dxe4 10. Bxe4 Be7 11. f4 Qd4+ 12. Rf2 Bc5 13. Qf3 Qd6 14. g4 Bxf2+ 15. Kxf2 Nd4 16. Qh3 Qh6 17. Qg3 Qxf4+ 18. Qxf4 exf4 19. d3 Bxg4 20. Bxb7 Rab8 21. Be4 f3 22. Be3 Nxc2 23. Rg1 Nxe3 24. Kxe3 Bh5 25. Rg5 g6 26. Rc5 Rfe8 27. Kd2 Rxb2+ 28. Kc3 Rxa2 29. Bd5 f2 30. Rxc7 f1=Q 31. Bxa2 Qc1+ 32. Kb3 Qxc7 33. Ka3 Qa5+ 34. Kb2 Re2+ 35. Ka1 Qxa2# 0-1

[Event "Junior Online 4NCL Division 3"]
[Site "online"]
[Date "2021.10.14"]
[EventDate "2021.10.14"]
[Round "5.131"]
[White "Benhamou, Ilan"]
[WhiteElo "788"]
[WhiteTeam "Harrow Juniors F"]
[Black "Zhu, Pengxiao"]
[BlackElo "1515"]
[BlackTeam "London Dragons Americium"]
[Result "0-1"]
[PlyCount "68"]

1. e4 e5 2. Nf3 Nc6 3. Nc3 Nf6 4. Bb5 Bb4 5. Bxc6 dxc6 6. a3 Bxc3 7. bxc3 Nxe4 8. Nxe5 Qe7 9. Qh5 g6 10. Qh6 Qxe5 11. d4 Qe7 12. Qg7 Nxc3+ 13. Kd2 Ne4+ 14. Ke3 Nf6+ 15. Kd3 Bf5+ 16. Kc4 Qe6+ 17. Kc3 Nd5+ 18. Kd2 O-O-O 19. Qe5 Qxe5 20. dxe5 Nf4+ 21. Ke3 Nxg2+ 22. Kf3 Nh4+ 23. Kf4 Be6 24. Re1 Nf5 25. Re4 Rd4 26. Rxd4 Nxd4 27. Ke4 Nxc2 28. Ra2 Bxa2 29. Bh6 Nxa3 30. Bg7 Rg8 31. Bf6 Bd5+ 32. Kd4 Nb5+ 33. Kc5 a5 34. e6 b6# 0-1

[Event "Junior Online 4NCL Division 3"]
[Site "online"]
[Date "2021.10.14"]
[EventDate "2021.10.14"]
[Round "5.132"]
[White "Xu, Jiarui"]
[WhiteElo "1452"]
[WhiteTeam "London Dragons Americium"]
[Black "Cann, Harriet"]
[BlackElo "744"]
[BlackTeam "Harrow Juniors F"]
[Result "1-0"]
[PlyCount "29"]

1. e4 e6 2. d4 Nc6 3. Nf3 Nf6 4. e5 Nxe5 5. dxe5 d6 6. exf6 gxf6 7. Nc3 c6 8. Bd3 c5 9. Bb5+ Ke7 10. O-O d5 11. Re1 e5 12. Nxd5+ Kd6 13. Nxf6+ Ke6 14. Qxd8 c4 15. Rxe5# 1-0

[Event "Junior Online 4NCL Division 3"]
[Site "online"]
[Date "2021.10.14"]
[EventDate "2021.10.14"]
[Round "5.133"]
[White "Parikh, Aadhya"]
[WhiteElo "574"]
[WhiteTeam "Harrow Juniors F"]
[Black "Gan, Mark"]
[BlackElo "1362"]
[BlackTeam "London Dragons Americium"]
[Result "0-1"]
[PlyCount "58"]

1. e4 c5 2. Nf3 g6 3. Nc3 Bg7 4. Bc4 Nc6 5. O-O d6 6. d3 e6 7. Bf4 Nf6 8. Bb5 O-O 9. Bg5 h6 10. Bxf6 Qxf6 11. Bxc6 bxc6 12. Rb1 Qe7 13. Qd2 Qc7 14. Qf4 Rb8 15. b3 Bxc3 16. Qxh6 Bg7 17. Qh4 f6 18. Nd2 Kf7 19. Rfe1 Rh8 20. Qf4 Bh6 21. Qf3 Bxd2 22. Red1 Bg5 23. Qg3 Rb7 24. Re1 d5 25. exd5 Qxg3 26. hxg3 cxd5 27. Rbd1 Kf8 28. Re2 Rbh7 29. Kf1 Rh1# 0-1

[Event "Junior Online 4NCL Division 3"]
[Site "online"]
[Date "2021.10.14"]
[EventDate "2021.10.14"]
[Round "5.134"]
[White "Li, Leo"]
[WhiteElo "1289"]
[WhiteTeam "London Dragons Americium"]
[Black "Patel Davis, Asha"]
[BlackElo "500"]
[BlackTeam "Harrow Juniors F"]
[Result "1-0"]
[PlyCount "93"]

1. Nf3 d5 2. d4 Nc6 3. Nc3 Nf6 4. Bg5 h6 5. Bxf6 gxf6 6. g3 Bg4 7. Nh4 e6 8. f3 Bh5 9. g4 Bg6 10. Nxg6 fxg6 11. Qd3 Bb4 12. Qxg6+ Kd7 13. Qf7+ Kd6 14. Bh3 Re8 15. O-O-O Bxc3 16. bxc3 Re7 17. Qxf6 a5 18. g5 hxg5 19. Qxg5 a4 20. a3 Nb8 21. e4 Nd7 22. e5+ Kc6 23. Qg6 b5 24. Bxe6 Nb8 25. Bf5+ Kb7 26. c4 Nd7 27. cxb5 c5 28. Qc6+ Kb8 29. Bxd7 Rxd7 30. Qxc5 Rc7 31. Qb6+ Kc8 32. Qe6+ Kb8 33. b6 Kb7 34. bxc7 Kxc7 35. f4 Kb8 36. f5 Qc8 37. Qxc8+ Kxc8 38. f6 Kc7 39. e6 Kd8 40. e7+ Ke8 41. Rde1 Kd7 42. f7 Kc8 43. e8=Q+ Kb7 44. Qb5+ Kc8 45. f8=Q+ Kc7 46. Re7+ Kd6 47. Qf6# 1-0

[Event "Junior Online 4NCL Division 3"]
[Site "online"]
[Date "2021.10.14"]
[EventDate "2021.10.14"]
[Round "5.135"]
[White "Zhu, Pengxiao"]
[WhiteElo "1515"]
[WhiteTeam "London Dragons Americium"]
[Black "Benhamou, Ilan"]
[BlackElo "788"]
[BlackTeam "Harrow Juniors F"]
[Result "1-0"]
[PlyCount "43"]

1. d4 d5 2. c4 Nc6 3. cxd5 Nxd4 4. Qxd4 e6 5. Nf3 exd5 6. Nc3 c6 7. Bg5 f6 8. Bf4 Bb4 9. Qxb4 Ne7 10. Bd6 Nf5 11. Bf4 Be6 12. Qxb7 Rb8 13. Qxb8 Bc8 14. Bc7 Qd7 15. e4 Nd4 16. Nxd4 O-O 17. Bd6 Rd8 18. Nf5 Kf7 19. Be2 dxe4 20. Bc4+ Ke8 21. Qc7 Qxf5 22. Qe7# 1-0

[Event "Junior Online 4NCL Division 3"]
[Site "online"]
[Date "2021.10.14"]
[EventDate "2021.10.14"]
[Round "5.137"]
[White "Gan, Mark"]
[WhiteElo "1362"]
[WhiteTeam "London Dragons Americium"]
[Black "Parikh, Aadhya"]
[BlackElo "574"]
[BlackTeam "Harrow Juniors F"]
[Result "1-0"]
[PlyCount "75"]

1. e4 e5 2. Nf3 Nc6 3. Bc4 Bb4 4. c3 Bc5 5. d4 exd4 6. cxd4 Bxd4 7. Nxd4 Nxd4 8. Qxd4 Nf6 9. Bg5 O-O 10. O-O d6 11. f4 Bg4 12. e5 dxe5 13. Qxd8 Rfxd8 14. fxe5 Rd4 15. Na3 Ne4 16. Bxf7+ Kf8 17. Bd5+ Ke8 18. Bxe4 Rxe4 19. Rae1 Rd4 20. Rf2 Rad8 21. Bxd8 Rxd8 22. Rf4 Be6 23. Rfe4 b5 24. Nxb5 Bxa2 25. Nxc7+ Kd7 26. Nb5 Bd5 27. Rd4 Kc6 28. Nxa7+ Kb6 29. Red1 Kxa7 30. Rxd5 Rxd5 31. Rxd5 Ka6 32. e6 Kb7 33. e7 Kc6 34. Rd1 Kc7 35. e8=Q Kb6 36. Rd5 Ka6 37. Qe6+ Ka7 38. Rd7+ 1-0

[Event "Junior Online 4NCL Division 3"]
[Site "online"]
[Date "2021.10.14"]
[EventDate "2021.10.14"]
[Round "5.138"]
[White "Patel Davis, Asha"]
[WhiteElo "500"]
[WhiteTeam "Harrow Juniors F"]
[Black "Li, Leo"]
[BlackElo "1289"]
[BlackTeam "London Dragons Americium"]
[Result "0-1"]
[PlyCount "36"]

1. e4 e5 2. Nf3 Nc6 3. Bb5 Bd6 4. Nc3 Nd4 5. Nxd4 exd4 6. Nb1 Qh4 7. d3 c6 8. g3 Qh3 9. Ba4 b5 10. Bb3 Qg2 11. Rf1 Qxh2 12. f4 Qxg3+ 13. Kd2 Bxf4+ 14. Ke2 Qg2+ 15. Ke1 Bg3+ 16. Rf2 Qg1+ 17. Kd2 Bf4+ 18. Rxf4 Qe3# 0-1

[Event "Junior Online 4NCL Division 3"]
[Site "online"]
[Date "2021.10.14"]
[EventDate "2021.10.14"]
[Round "5.141"]
[White "Timbrell, Matthew"]
[WhiteElo "1473"]
[WhiteTeam "Somerset Lions"]
[Black "Krishnan, Aditya"]
[BlackElo "1436"]
[BlackTeam "Leeds Juniors 2"]
[Result "1-0"]
[PlyCount "105"]

1. c4 Nf6 2. Nc3 e6 3. g3 d5 4. cxd5 exd5 5. Bg2 Be6 6. d3 Nc6 7. Bg5 Be7 8. Nf3 O-O 9. O-O Qd7 10. a3 a5 11. Rc1 Na7 12. Qa4 Qxa4 13. Nxa4 Rfc8 14. Bf4 Nc6 15. Nc5 Nd7 16. Nxe6 fxe6 17. Bh3 Nf8 18. Ne5 Nxe5 19. Bxe5 Bd6 20. Bxd6 cxd6 21. e3 Rc6 22. d4 Rac8 23. Rxc6 Rxc6 24. Rb1 Kf7 25. b4 axb4 26. Rxb4 b6 27. Bf1 Ng6 28. a4 e5 29. Bg2 Ke6 30. Bh3+ Kf6 31. Bf1 Ne7 32. a5 bxa5 33. Ra4 Nf5 34. dxe5+ dxe5 35. Rxa5 Ke6 36. Bh3 g6 37. Ra7 h5 38. Ra8 Kf6 39. Rf8+ Ke6 40. Rg8 Kf6 41. Rd8 Rd6 42. Ra8 Ne7 43. Kf1 d4 44. Ke2 dxe3 45. Kxe3 Nd5+ 46. Kf3 Kg5 47. Ra5 Kf6 48. Bg2 Ne7 49. Ke4 Re6 50. Bh3 Nf5 51. g4 hxg4 52. Bxg4 g5 53. Bxf5 1-0

[Event "Junior Online 4NCL Division 3"]
[Site "online"]
[Date "2021.10.14"]
[EventDate "2021.10.14"]
[Round "5.142"]
[White "Sasikumar, Navaneeth"]
[WhiteElo "1402"]
[WhiteTeam "Leeds Juniors 2"]
[Black "Keech, Gabriel"]
[BlackElo "1520"]
[BlackTeam "Somerset Lions"]
[Result "1-0"]
[PlyCount "79"]

1. d4 Nf6 2. Nf3 g6 3. Bf4 Bg7 4. e3 d5 5. Bd3 Nbd7 6. Nbd2 O-O 7. c3 Re8 8. Qc2 Nb6 9. O-O Bd7 10. e4 dxe4 11. Nxe4 Nxe4 12. Bxe4 Rc8 13. Bxb7 Rb8 14. Ba6 Bc6 15. Ne5 Qd5 16. Nxc6 Qxc6 17. Bd3 Qd7 18. a4 a5 19. Bb5 c6 20. Bxb8 Rxb8 21. Bd3 Rd8 22. Rfe1 Nd5 23. Re4 Nf6 24. Re2 e6 25. Rd2 Nd5 26. Be4 Rc8 27. Bxd5 cxd5 28. Rb1 Rb8 29. Rdd1 Qc7 30. Rdc1 h6 31. Qd2 Qd7 32. Ra1 Qb7 33. Rcb1 Qc7 34. b4 axb4 35. cxb4 Bf8 36. b5 Qb6 37. a5 Qd8 38. a6 Ra8 39. b6 Bd6 40. a7 1-0

[Event "Junior Online 4NCL Division 3"]
[Site "online"]
[Date "2021.10.14"]
[EventDate "2021.10.14"]
[Round "5.143"]
[White "Wang, Andy"]
[WhiteElo "1361"]
[WhiteTeam "Somerset Lions"]
[Black "Yerabati, Suhrith"]
[BlackElo "1413"]
[BlackTeam "Leeds Juniors 2"]
[Result "1-0"]
[PlyCount "37"]

1. d4 d5 2. Bf4 Bf5 3. Nf3 e6 4. e3 Bd6 5. Bg3 Nf6 6. c4 Ne4 7. Nbd2 Nxg3 8. hxg3 c5 9. Qb3 Qb6 10. cxd5 Qxb3 11. Nxb3 exd5 12. dxc5 Be7 13. Rd1 Be6 14. Bb5+ Nd7 15. Bxd7+ Kxd7 16. e4 Kc6 17. Ne5+ Kb5 18. exd5 Bf5 19. Nd4+ 1-0

[Event "Junior Online 4NCL Division 3"]
[Site "online"]
[Date "2021.10.14"]
[EventDate "2021.10.14"]
[Round "5.144"]
[White "Yerabati, Samiksha"]
[WhiteElo "1337"]
[WhiteTeam "Leeds Juniors 2"]
[Black "Zeng, Jonathan"]
[BlackElo "1330"]
[BlackTeam "Somerset Lions"]
[Result "0-1"]
[PlyCount "50"]

1. e4 e5 2. Nf3 Nc6 3. Bb5 a6 4. Ba4 b5 5. Bb3 Nf6 6. d3 Bb7 7. Bg5 Be7 8. c3 O-O 9. Nbd2 d5 10. O-O d4 11. cxd4 Nxd4 12. Nxd4 Qxd4 13. Qc2 h6 14. Nf3 Qd6 15. Bh4 Rad8 16. Rfd1 c5 17. Bg3 Rc8 18. Bxe5 Qd7 19. Bf4 Qg4 20. Qd2 c4 21. dxc4 bxc4 22. Bc2 Nxe4 23. Bxe4 Bxe4 24. Re1 Bxf3 25. g3 Qh3 0-1

[Event "Junior Online 4NCL Division 3"]
[Site "online"]
[Date "2021.10.14"]
[EventDate "2021.10.14"]
[Round "5.145"]
[White "Krishnan, Aditya"]
[WhiteElo "1436"]
[WhiteTeam "Leeds Juniors 2"]
[Black "Timbrell, Matthew"]
[BlackElo "1473"]
[BlackTeam "Somerset Lions"]
[Result "0-1"]
[PlyCount "60"]

1. c4 e5 2. Nc3 Nc6 3. g3 g6 4. Bg2 Bg7 5. e4 Nge7 6. d3 O-O 7. f4 d6 8. Nge2 Bg4 9. h3 Bxe2 10. Nxe2 f5 11. Nc3 fxe4 12. Bxe4 exf4 13. Bxf4 Nf5 14. Qd2 Nfd4 15. O-O-O a5 16. Bd5+ Kh8 17. Bh6 Bxh6 18. Qxh6 Nf5 19. Qd2 Rb8 20. g4 Nfe7 21. h4 Nxd5 22. Nxd5 b6 23. h5 g5 24. Qc3+ Kg8 25. h6 Ne5 26. Rde1 Re8 27. Rhf1 Kh8 28. d4 Ng6 29. Nf6 Rxe1+ 30. Rxe1 Qxf6 0-1